| 000 | 00696nam a2200229 u 4500 | ||
|---|---|---|---|
| 005 | 20240621063649.0 | ||
| 008 | 111115s1981 es r 000 0 spa d | ||
| 020 | _a842415925X | ||
| 035 | _aUPN01000182556 | ||
| 049 | _aCG | ||
| 050 | 4 |
_aPQ2469 E8 _bI8.4d 1981 |
|
| 100 | 1 |
_aVerne, Jules, _d1828-1905 _927907 |
|
| 245 | 1 | 3 |
_aLa isla misteriosa / _cJules Verne ; ed. Ma. Teresa Mayoral ; il. José Ruiz Navarro. |
| 250 | _a2a ed. | ||
| 260 |
_aMadrid : _bEverest, _c1981. |
||
| 300 |
_a224 p. : _bil. col. |
||
| 440 | 0 |
_aNautilus. _pRelatos jovenes |
|
| 650 | 0 |
_aHistorias de aventuras _94131 |
|
| 650 | 4 |
_aNovela francesa _98238 |
|
| 700 | 1 |
_aMayoral, María Teresa, _eed. |
|
| 905 | _aLibro | ||
| 999 |
_c154659 _d154659 |
||